000 00220nam a22000857a 4500
008 160917b xxu||||| |||| 00| 0 eng d
100 _9657
_aFrank Bros
245 _aSchool Atllas
260 _aNew Delhi
_bFrank Publications
_c2011
999 _c3314
_d3314